Hướng dẫn đồ án môn học nền và móng

Đã lưu trong:
Bibliografiske detaljer
Hovedforfatter: Châu, Ngọc Ẩn
Format: Bog
Sprog:Undetermined
Udgivet: Hà Nội Xây Dựng 2013
Fag:
Tags: Tilføj Tag
Ingen Tags, Vær først til at tagge denne postø!
Thư viện lưu trữ: Trung tâm Học liệu Trường Đại học Cần Thơ
LEADER 00621nam a2200205Ia 4500
001 CTU_180522
008 210402s9999 xx 000 0 und d
020 |c 87000 
082 |a 624.15 
082 |b Â121 
100 |a Châu, Ngọc Ẩn 
245 0 |a Hướng dẫn đồ án môn học nền và móng 
245 0 |c Châu Ngọc Ẩn 
260 |a Hà Nội 
260 |b Xây Dựng 
260 |c 2013 
650 |a Buildings,Xây dựng 
650 |x Underground engineering,Kỹ thuật ngầm 
904 |i Thúy Vi 
980 |a Trung tâm Học liệu Trường Đại học Cần Thơ